Wisconsin Sports Teams Logos - Statistics

General Stats
  • This quiz has been taken 84 times
  • The average score is 6 of 7
Answer Stats
Picture Hint Answer % Correct
NFL Green Bay Packers
100%
MLB Milwaukee Brewers
96%
NBA Milwaukee Bucks
94%
NCAA Wisconsin Badgers
94%
NCAA Marquette Golden Eagles
75%
NCAA Green Bay Phoenix
67%
NCAA Milwaukee Panthers
58%
No matching quizzes found
Score Distribution
Percent of People with Each Score
Percentile by Number Answered
Your Score History
You have not taken this quiz